000 00819nam a2200217Ia 4500
003 Ost
005 20260507075641.0
008 260507s9999||||xx |||||||||||||| ||und||
040 _cfsecg
041 _aara
082 _a659.1
100 _aالسيد، اسماعيل
_eمؤلف
245 0 _aالإعلان ودوره في النشاط التسويقي /
_c اسماعيل السيد
260 _aالإسكندرية:
_bالدار الجامعية,
_c2002
300 _a381 صفحة؛
_bإيضاحات ؛
_c24 سم
520 _aبعض الدراسات التمهيدية لفهم النشاط الإعلاني ، قرارات الإعلان ، تنفيذ وتقييم النشاط الإعلاني
653 _aالاشهار
653 _aالإعلان
653 _aالتسويق
942 _cكتاب
999 _c45413
_d45413